=LDR 00000nam 2200000 4500 =001 INLIS000000000003250 =005 20250225092028 =035 ##$$a 0010-0225000540 =007 ta =008 250225################g##########e#ind## =082 ##$$a 613.943 =084 ##$$a 613.943 BAD p =245 1#$$a Pengambalian Kesuburan Pasca Penggunaan Kontrasepsi Melalui Program KB Nasional /$c BKKBN =260 ##$$a Jakarta :$b BKKBN,$c 2010 =300 ##$$a XII, 25 halm : $b - ; $c 20,5 cm =650 #4$$a Keluarga Berencana =110 #$$a Badan Koordinasi Keluarga Berencana Nasional =520 ##$$a Buku ini menjelaskan tentang cara pengembalian kesuburan pasca penggunaan kontrasepsi =856 ##$$a Perpustakaan UPT Balai Diklat KKB Jember